| 000 | 00708nam a22002177a 4500 | ||
|---|---|---|---|
| 999 |
_c192311 _d192311 |
||
| 010 | _aENG-135106 | ||
| 020 |
_c300.00 _a9789387871045 |
||
| 035 | _aEN-118638 | ||
| 037 | _bDBAD / PUB | ||
| 082 | _a480 | ||
| 100 | _aGovindaraj,S. | ||
| 245 |
_aAwareness of concept oriented reading instruction (CORI) method in english among prospective teachers/ _cedited by S.Govindaraj...[et.al] |
||
| 260 |
_aTamil Nadu _bShanlax Publications _c2018 |
||
| 270 |
_a61,66 T.P.K.Main Road Vasantha Nagar Madurai, _bTamil Nadu _e625003 |
||
| 300 |
_a76p.: _c21cm(pbk) _bill |
||
| 650 | _aSikhism | ||
| 700 | _aV.Meera | ||
| 700 | _aS.Rubini | ||
| 700 | _aC.Sandhiya | ||
| 942 |
_2ddc _cEN _mGOV _h480 |
||